MARC details
| 000 -CABECERA |
| campo de control de longitud fija |
01077nam a2200277 a 4500 |
| 003 - IDENTIFICADOR DEL NÚMERO DE CONTROL |
| campo de control |
MX-MxUPN |
| 005 - FECHA Y HORA DE LA ÚLTIMA TRANSACCIÓN |
| campo de control |
20241001063856.0 |
| 008 - ELEMENTOS DE LONGITUD FIJA--INFORMACIÓN GENERAL |
| campo de control de longitud fija |
991125s1930 sp r 000 0 spa d |
| 035 ## - NÚMERO DE CONTROL DEL SISTEMA |
| Número de control de sistema |
UPN01000027480 |
| 040 ## - FUENTE DE LA CATALOGACIÓN |
| Centro catalogador/agencia de origen |
MX-MxUPN |
| Lengua de catalogación |
spa |
| Centro/agencia transcriptor |
MX-MxUPN |
| 041 0# - CÓDIGO DE IDIOMA |
| Código de lengua del texto/banda sonora o título independiente |
spa |
| 050 14 - SIGNATURA TOPOGRÁFICA DE LA BIBLIOTECA DEL CONGRESO |
| Número de clasificación |
LC1021 C5 |
| Número de documento/Ítem |
C6.38 1930 |
| 100 1# - ASIENTO PRINCIPAL--NOMBRE PERSONAL |
| Nombre de persona |
Compayré, Gabriel, |
| Fechas asociadas al nombre |
1843-1913 |
| 9 (RLIN) |
30505 |
| 245 10 - MENCIÓN DE TÍTULO |
| Título |
Herbert Spencer y la educación científica / |
| Mención de responsabilidad, etc. |
por Gabriel Compayré ; tr. Domingo Barnés. |
| 260 ## - PUBLICACIÓN, DISTRIBUCIÓN, ETC. |
| Lugar de publicación, distribución, etc. |
Madrid : |
| Nombre del editor, distribuidor, etc. |
La Lectura, |
| Fecha de publicación, distribución, etc. |
1930. |
| 300 ## - DESCRIPCIÓN FÍSICA |
| Extensión |
190 páginas |
| 490 0# - MENCIÓN DE SERIE |
| Mención de serie |
Ciencia y educación. Educadores |
| 500 ## - NOTA GENERAL |
| Nota general |
A la cabeza de la cubierta: Biblioteca pedagógica |
| 501 ## - NOTA DE "CON" |
| Nota de “Con” |
Con: Spencer y las buenas maneras / por Francisco Giner |
| 600 14 - ASIENTO SECUNDARIO DE MATERIA - NOMBRE PERSONAL |
| Nombre de persona |
Spencer, Herbert, |
| Fechas asociadas al nombre |
1820-1903 |
| 9 (RLIN) |
4991 |
| 650 #4 - ASIENTO SECUNDARIO DE MATERIA - TERMINO TEMATICO |
| Término de materia o nombre geográfico como elemento de entrada |
Ciencia |
| Subdivisión general |
Estudio y enseñanza |
| 9 (RLIN) |
6354 |
| 700 1# - ASIENTO SECUNDARIO--NOMBRE DE PERSONAL |
| Nombre de persona |
Giner de los Ríos, Francisco, |
| Fechas asociadas al nombre |
1839-1915 |
| 9 (RLIN) |
28515 |
| 700 1# - ASIENTO SECUNDARIO--NOMBRE DE PERSONAL |
| Nombre de persona |
Barnés, Domingo, |
| Fechas asociadas al nombre |
1879-1940 |
| 9 (RLIN) |
35469 |
| Término indicativo de función/relación |
traducción |
| 710 2# - ASIENTO SECUNDARIO - NOMBRE CORPORATIVO |
| Nombre de entidad corporativa o nombre de jurisdicción como elemento de entrada |
Instituto Nacional de Pedagogía (México) |
| Término indicativo de función/relación |
propietario anterior |
| 9 (RLIN) |
28088 |
| 740 0# - ASIENTO SECUNDARIO - TÍTULOS RELACIONADOS /ANALITICOS NO CONTROLADOS |
| Título relacionado o analítico no controlado |
Spencer y las buenas maneras |